| 000 | 004030000a22001690004500 | ||
|---|---|---|---|
| 003 | MACL | ||
| 005 | 20160130131257.0 | ||
| 008 | 160130b xxu||||| |||| 00| 0 eng d | ||
| 040 |
_aMACL _cMACL |
||
| 041 | _aEnglish | ||
| 082 | _a823 | ||
| 100 |
_aClark, Mary Higgins _935956 |
||
| 245 | _aI'll Be Seeinc You | ||
| 260 |
_bPocket Books _aU.S.A |
||
| 650 |
_aFiction _935957 |
||
| 942 |
_cBK _k823/Cla _2ddc |
||
| 999 |
_c32362 _d32362 |
||